| 000 | 00678nam a2200193Ia 4500 | ||
|---|---|---|---|
| 003 | IN-BaIIA | ||
| 008 | 211028s9999 xx 000 0 eng d | ||
| 020 | _a0-86961-109-7 | ||
| 040 | _cIIA Library | ||
| 080 |
_a52(091) _bWAR |
||
| 100 |
_aWarner, Brian _911182 |
||
| 245 | 0 |
_aAstronomers at the royal observatory cape of good hope _ba history with emphasis on the nineteenth century _cBrian Warner |
|
| 260 |
_aCape Town, _bA. A. Balkema _c1979 |
||
| 300 | _axii, 132p. | ||
| 650 |
_aAstronomers-Cape of Good Hope _911183 |
||
| 650 | _aAstronomy and Astrophysics Thesaurus | ||
| 650 |
_aHistory-Observatories _92465 |
||
| 942 | _cBK | ||
| 999 |
_c6533 _d6533 |
||